Mechanical Engineering (Record no. 4980)
[ view plain ]
| 000 -LEADER | |
|---|---|
| fixed length control field | 00315nam a2200133Ia 4500 |
| 008 - FIXED-LENGTH DATA ELEMENTS--GENERAL INFORMATION | |
| fixed length control field | 150201s2010 xx 000 0 und d |
| 082 ## - DEWEY DECIMAL CLASSIFICATION NUMBER | |
| Classification number | 620.0042 |
| Item number | KHU |
| 100 ## - MAIN ENTRY--PERSONAL NAME | |
| Personal name | R.S. Khurmi |
| 245 ## - TITLE STATEMENT | |
| Title | Mechanical Engineering |
| 260 ## - PUBLICATION, DISTRIBUTION, ETC. (IMPRINT) | |
| Name of publisher, distributor, etc. | S.Chand |
| Place of publication, distribution, etc. | N.Delhi |
| Date of publication, distribution, etc. | 2010 |
| 300 ## - PHYSICAL DESCRIPTION | |
| Extent | 834p. |
| 700 ## - ADDED ENTRY--PERSONAL NAME | |
| Personal name | J.K. Gupta |
| 942 ## - ADDED ENTRY ELEMENTS (KOHA) | |
| Source of classification or shelving scheme | Dewey Decimal Classification |
| Koha item type | Books |
| Withdrawn status | Lost status | Source of classification or shelving scheme | Damaged status | Not for loan | Home library | Current library | Date acquired | SGTU | Total Checkouts | Full call number | Barcode | Date last seen | Date last checked out | Bill Date | Koha item type |
|---|---|---|---|---|---|---|---|---|---|---|---|---|---|---|---|
| Dewey Decimal Classification | SGT Engineering Library | SGT Engineering Library | 28/04/2010 | SGTU | 1 | 620.0042 KHU | FE2078 | 27/02/2017 | 01/02/2017 | 09/02/2015 | Books | ||||
| Dewey Decimal Classification | SGT Engineering Library | SGT Engineering Library | 28/04/2010 | SGTU | 620.0042 KHU | FE2079 | 09/02/2015 | 09/02/2015 | Books | ||||||
| Dewey Decimal Classification | SGT Engineering Library | SGT Engineering Library | 28/04/2010 | SGTU | 2 | 620.0042 KHU | FE2080 | 22/10/2019 | 05/10/2019 | 09/02/2015 | Books | ||||
| Dewey Decimal Classification | SGT Engineering Library | SGT Engineering Library | 28/04/2010 | SGTU | 1 | 620.0042 KHU | FE5564 | 24/08/2017 | 13/01/2017 | 09/02/2015 | Books | ||||
| Dewey Decimal Classification | SGT Engineering Library | SGT Engineering Library | 28/04/2010 | SGTU | 620.0042 KHU | FE5565 | 09/02/2015 | 09/02/2015 | Books |